| 000 | 01170nam a2200313 i 4500 | ||
|---|---|---|---|
| 001 | 000007016 | ||
| 003 | DO-SdBPM | ||
| 005 | 20260519131245.0 | ||
| 007 | ta | ||
| 008 | 090904s1998 dr 001 0 spa d | ||
| 040 |
_aDO-SdBPM _bspa _cBPMSU _erda _d |
||
| 082 | 0 | 4 |
_aR497.03 _bC175p 1998 _222 |
| 100 | 1 |
_aCambiaso, Rodolfo Domingo, _d1852-1916 _eautor _4aut. |
|
| 245 | 1 | 0 |
_aPequeño diccionario de palabras indo-antillanas / _cRodolfo Domingo Cambiaso ; prólogo Mariano Lebrón Saviñón ; edición Tomás Castro Burdiez. |
| 250 | _a3a edicíon | ||
| 264 | 1 |
_aSanto Domingo : _bEdiciones Librería La Trinitaria, _c1998. |
|
| 300 |
_a129 páginas ; _c22 cm. |
||
| 336 |
_2rdacontent _atexto _btxt |
||
| 337 |
_2rdamedia _asin mediación _bn |
||
| 338 |
_2rdacarrier _avolumen _bnc |
||
| 590 | _aInventariado, 2026/VM | ||
| 650 | 7 |
_aLenguas indígenas _vDiccionarios |
|
| 650 | 7 |
_aIndígenas de las antillas _xLenguas _vdiccionarios |
|
| 650 | 7 |
_aTaínos _xLenguas _vdiccionarios |
|
| 700 | 1 |
_aLebrón Saviñon, Mariano _d1922-2014 _eprólogo |
|
| 700 | 1 |
_aCastro, Tomás, _d1959- _eeditor |
|
| 910 | _aVMateo V. Control de calidad BPMSU | ||
| 942 |
_2ddc _cBK |
||
| 999 |
_c15852 _d15852 |
||